000 00423pab a2200157 454500
008 180718b2004 xxu||||| |||| 00| 0 eng d
100 _aMoreno, Maria-Jose
245 _aArt museums and socioeconomic forces: the case of a community museum
260 _c2004
300 _ap.506-27.
362 _aFall
650 _aMuseums
650 _aArt museums
773 _aReview of Radical Political Economics
909 _a65019
999 _c65019
_d65019